[Event "40th Guernsey Open 2014"]
[Site "Vale GCI"]
[Date "2014.10.20"]
[Round "2.19"]
[White "Purdon, Colin"]
[Black "Hickman, John E"]
[Result "1/2-1/2"]
[WhiteElo "2106"]
[BlackElo "1893"]
[WhiteFideId "408581"]
[BlackFideId "408565"]
[EventDate "2014.10.19"]
[EventType "swiss"]

1. d4 d6 2. Nf3 Nf6 3. c4 Nbd7 4. Nc3 e5 5. e4 Be7 6. Be2 c6 7. O-O O-O 8. h3 a6
9. a4 a5 10. Be3 exd4 11. Nxd4 Nc5 12. Qc2 Re8 13. Rad1 Qc7 14. f4 Bf8 15. e5
dxe5 16. fxe5 Qxe5 17. Bf4 Qe7 18. Bf3 Ne6 19. Nf5 Qb4 20. Bd6 Bxd6 21. Nxd6 Rd8
22. Nce4 Nxe4 23. Nxe4 Nd4 24. Bh5 Be6 25. Qf2 Qxc4 26. Ng5 Nf5 27. Bxf7+ Bxf7
28. Rxd8+ Rxd8 29. Qxf5 Bg6 30. Qxa5 Re8 31. Nf3 Qb3 32. Rf2 Qd1+ 33. Kh2 Qd6+
34. Kg1 Qd1+ 35. Kh2 Qd6+ 36. Kg1 1/2-1/2

[Event "40th Guernsey Open 2014"]
[Site "Vale GCI"]
[Date "2014.10.20"]
[Round "2.20"]
[White "Canonne, Antoine"]
[Black "Curtis, John E"]
[Result "1/2-1/2"]
[WhiteElo "1945"]
[BlackElo "2100"]
[WhiteFideId "619388"]
[BlackFideId "411892"]
[EventDate "2014.10.19"]
[EventType "swiss"]

1. e4 d6 2. d4 Nf6 3. Nc3 e5 4. dxe5 dxe5 5. Qxd8+ Kxd8 6. Bg5 Be6 7. O-O-O+ Kc8
8. f3 Nbd7 9. Be3 c6 10. g3 Bb4 11. Nge2 Kc7 12. a3 Be7 13. h3 Ne8 14. f4 f6 15.
Bg2 b5 16. f5 Bf7 17. Rd2 Nb6 18. Bxb6+ axb6 19. Rhd1 Nd6 20. Nb1 Rhd8 21. b3
Nb7 22. Rxd8 Bxd8 23. Kb2 Be7 24. Rd2 Bc5 25. Bf3 Nd6 26. g4 b4 27. axb4 Bxb4
28. c3 Bc5 29. Rd3 Nb5 30. Ng3 Bf8 31. Nh5 Rd8 32. Rxd8 Kxd8 33. Be2 Nd6 34. Nd2
b5 35. Kc2 Kc7 36. c4 Kb6 37. Kc3 bxc4 38. Bxc4 Nxc4 39. bxc4 1/2-1/2

[Event "40th Guernsey Open 2014"]
[Site "Vale GCI"]
[Date "2014.10.20"]
[Round "2.21"]
[White "Phillips, Owen S"]
[Black "Heppell, Ian N"]
[Result "0-1"]
[WhiteElo "1915"]
[BlackElo "2087"]
[WhiteFideId "417882"]
[BlackFideId "412058"]
[EventDate "2014.10.19"]
[EventType "swiss"]

1. c4 e5 2. Nc3 Nc6 3. e3 d6 4. d4 Nf6 5. d5 Ne7 6. e4 g6 7. f3 Bg7 8. Be3 O-O
9. Qd2 Ne8 10. h4 f5 11. g3 Nf6 12. Bd3 c5 13. exf5 Nxf5 14. g4 Nxe3 15. Qxe3 e4
16. Nxe4 Nxe4 17. Bxe4 Bxb2 18. Rb1 Qa5+ 19. Kf1 Bd4 20. Qd3 Qxa2 21. Ne2 Bxg4
22. Nxd4 cxd4 23. Kg1 Bxf3 24. Rh2 Bxe4 25. Qxe4 Rae8 26. Qxg6+ hxg6 27. Rxa2 d3
28. Rxb7 Re1+ 29. Kg2 Rf7 30. Rxf7 Kxf7 31. Rxa7+ Kf6 32. Ra2 Ke5 33. Kf2 Re4
34. Rd2 Kd4 35. Kf3 Rxh4 36. Kg3 Re4 37. Kf3 Re5 38. Rg2 g5 39. Rg4+ Kc3 0-1

[Event "40th Guernsey Open 2014"]
[Site "Vale GCI"]
[Date "2014.10.20"]
[Round "2.22"]
[White "Hewson, Brian Wr"]
[Black "Ippel, Cornelius"]
[Result "1-0"]
[WhiteElo "2066"]
[BlackElo "1891"]
[WhiteFideId "437484"]
[BlackFideId "1005146"]
[EventDate "2014.10.19"]
[EventType "swiss"]

1. d4 e6 2. Nf3 d5 3. Bg5 Nf6 4. Nbd2 c5 5. e3 Nc6 6. c3 Bd7 7. Bd3 h6 8. Bh4
cxd4 9. exd4 Bd6 10. Bg3 Bxg3 11. hxg3 Qc7 12. Qe2 O-O-O 13. Bb5 Ne7 14. Ne5
Bxb5 15. Qxb5 Nc6 16. Ndf3 Rhf8 17. Nxc6 Qxc6 18. Qxc6+ bxc6 19. Ne5 Kc7 20. Nd3
Nd7 21. O-O-O Kd6 22. Rhe1 c5 23. dxc5+ Nxc5 24. Nxc5 Kxc5 25. Rd4 Rb8 26. f4
Rb6 27. Ra4 a6 28. Ra5+ Kd6 29. Rd1 Rc8 30. Kc2 f5 31. Ra4 Ke7 32. Rad4 h5 33.
Rh1 g6 34. Re1 Kf6 35. Re2 a5 36. Kd3 Rcb8 37. b3 Rc6 38. Rc2 Rc5 39. b4 axb4
40. cxb4 Rxc2 41. Kxc2 Ke7 42. Kb3 Kd6 43. a4 e5 44. fxe5+ Kxe5 45. Rd2 d4 46.
a5 Ke4 47. a6 d3 48. Ka4 Ke3 49. Rd1 d2 50. b5 Ke2 51. Rxd2+ Kxd2 52. a7 Ra8 53.
b6 Ke3 54. Kb5 Kf2 55. Ka6 Kxg2 56. b7 Rxa7+ 57. Kxa7 Kxg3 58. b8=Q+ f4 59. Qg8
f3 60. Qxg6+ Kf2 61. Qxh5 Ke3 62. Qe5+ Kf2 63. Kb6 Kg2 64. Qg5+ Kf1 65. Kc5 f2
66. Kd4 Ke2 67. Qg2 Ke1 68. Ke3 f1=N+ 69. Kd3 1-0

[Event "40th Guernsey Open 2014"]
[Site "Vale GCI"]
[Date "2014.10.20"]
[Round "2.23"]
[White "Taylor, Mark V"]
[Black "Gravett, Alan D"]
[Result "1/2-1/2"]
[WhiteElo "2061"]
[BlackElo "1871"]
[WhiteFideId "409243"]
[BlackFideId "406171"]
[EventDate "2014.10.19"]
[EventType "swiss"]

1. f4 Nf6 2. Nf3 g6 3. g3 Bg7 4. Bg2 O-O 5. O-O c6 6. c3 d5 7. Na3 Nbd7 8. Nc2
Qb6+ 9. Kh1 Ng4 10. d4 Ndf6 11. h3 Nh6 12. g4 Ne4 13. Qe1 Kh8 14. Nb4 f6 15. Nd3
Nf7 16. Nd2 Nfd6 17. Nxe4 dxe4 18. Nc5 f5 19. g5 Qc7 20. e3 a5 21. a4 b6 22. Nb3
Ba6 23. Rf2 Bc4 1/2-1/2

[Event "40th Guernsey Open 2014"]
[Site "Vale GCI"]
[Date "2014.10.20"]
[Round "2.24"]
[White "Prins, Jan"]
[Black "Cummins, J"]
[Result "1-0"]
[WhiteElo "2049"]
[BlackElo "1819"]
[WhiteFideId "1017179"]
[BlackFideId "10700196"]
[EventDate "2014.10.19"]
[EventType "swiss"]

1. d4 d5 2. c4 c6 3. Nc3 Nf6 4. Nf3 Bg4 5. Ne5 Bf5 6. e3 e6 7. a4 Be4 8. f3 Bg6
9. g4 h5 10. g5 Nfd7 11. Nxg6 fxg6 12. Qc2 Qc7 13. Qxg6+ Kd8 14. f4 Qd6 15. c5
Qe7 16. Bh3 Nxc5 17. dxc5 Qxc5 18. Qxe6 Kc7 19. Qc8+ Kd6 20. Qd8+ 1-0

[Event "40th Guernsey Open 2014"]
[Site "Vale GCI"]
[Date "2014.10.20"]
[Round "2.25"]
[White "Reutimann, Hans Peter"]
[Black "Kirkwood, Robin"]
[Result "1/2-1/2"]
[WhiteElo "1817"]
[BlackElo "2046"]
[WhiteFideId "1313886"]
[BlackFideId "1800990"]
[EventDate "2014.10.19"]
[EventType "swiss"]

1. d4 d6 2. Nf3 Bg4 3. Bf4 Nd7 4. Nbd2 Ngf6 5. c3 c6 6. Qc2 Bh5 7. e3 Bg6 8. Bd3
Bxd3 9. Qxd3 Nh5 10. Bg5 h6 11. Bh4 g5 12. Bg3 Bg7 13. O-O-O O-O 14. Ne4 Qa5 15.
Kb1 f5 16. Ned2 b5 17. Nb3 Qb6 18. Nfd2 a5 19. f4 Nxg3 20. hxg3 g4 21. e4 a4 22.
Na1 b4 23. Qc4+ Kh7 24. cxb4 Qxd4 25. Qxd4 Bxd4 26. Nc2 Bf2 27. exf5 Bxg3 28.
Ne3 Bxf4 29. Nxg4 Rxf5 30. Rdf1 Raf8 31. Nf3 e5 32. Rd1 Nf6 33. Nf2 d5 34. g4
Nxg4 35. Nxg4 1/2-1/2

[Event "40th Guernsey Open 2014"]
[Site "Vale GCI"]
[Date "2014.10.20"]
[Round "2.26"]
[White "Karcher, Berthold"]
[Black "Riedener, Toni"]
[Result "1/2-1/2"]
[WhiteElo "1861"]
[BlackElo "2039"]
[WhiteFideId "24669687"]
[BlackFideId "1302698"]
[EventDate "2014.10.19"]
[EventType "swiss"]

1. e4 c5 2. Nc3 a6 3. f4 b5 4. Nf3 e6 5. g3 Be7 6. Bg2 Bb7 7. d3 Nf6 8. O-O Qb6
9. h3 d5 10. e5 Nfd7 11. Kh2 Nc6 12. Ne2 Rc8 13. c3 b4 14. c4 Na5 15. b3 Qc7 16.
a3 Nc6 17. cxd5 exd5 18. Bb2 bxa3 1/2-1/2

[Event "40th Guernsey Open 2014"]
[Site "Vale GCI"]
[Date "2014.10.20"]
[Round "2.27"]
[White "Van Veen, Wout"]
[Black "De Boer, Albert"]
[Result "1-0"]
[WhiteElo "1835"]
[BlackElo "2017"]
[WhiteFideId "1022750"]
[BlackFideId "1007530"]
[EventDate "2014.10.19"]
[EventType "swiss"]

1. e4 e6 2. d4 d5 3. e5 c5 4. c3 Bd7 5. Nf3 Qb6 6. a3 Bb5 7. c4 dxc4 8. Nc3 Bc6
9. d5 Bxd5 10. Nxd5 exd5 11. Qxd5 Ne7 12. Qxc4 Nd7 13. Bd3 Nc6 14. O-O Be7 15.
Re1 Nf8 16. Bf5 Nd8 17. Bg5 Nde6 18. Bxe7 Kxe7 19. Qh4+ Ke8 20. Rad1 Rd8 21. Ng5
Rd4 22. Rxd4 Nxd4 23. Bh3 Nde6 24. Ne4 Ng6 25. Qg3 Ngf4 26. Nd6+ Ke7 27. Bxe6
Nxe6 28. Qh4+ Kd7 29. Nxf7 Rf8 30. Rd1+ Kc7 31. Qe7+ Kb8 32. Rd6 Qxb2 33. Rd1
Qb3 34. Qd6+ Ka8 35. Qxf8+ Nxf8 36. Rd8# 1-0

[Event "40th Guernsey Open 2014"]
[Site "Vale GCI"]
[Date "2014.10.20"]
[Round "2.28"]
[White "Fulton, A.J."]
[Black "Goris-Schouwstra, Adry"]
[Result "1/2-1/2"]
[WhiteElo "2026"]
[BlackElo "1885"]
[WhiteFideId "15600025"]
[BlackFideId "1012746"]
[EventDate "2014.10.19"]
[EventType "swiss"]

1. e4 e6 2. d4 d5 3. Nc3 Nf6 4. e5 Nfd7 5. f4 c5 6. Nf3 Nc6 7. Be2 a6 8. Be3
cxd4 9. Nxd4 Nxd4 10. Bxd4 b5 11. a3 Bb7 12. O-O Qc7 13. Qd2 Bc5 14. Rad1 Bxd4+
15. Qxd4 Qc5 1/2-1/2

[Event "40th Guernsey Open 2014"]
[Site "Vale GCI"]
[Date "2014.10.20"]
[Round "2.29"]
[White "Brown, Rowan M"]
[Black "Morcom, Huw"]
[Result "1/2-1/2"]
[WhiteElo "2195"]
[BlackElo "1956"]
[WhiteFideId "404756"]
[BlackFideId "1800469"]
[EventDate "2014.10.19"]
[EventType "swiss"]

1. e4 c5 2. Nc3 a6 3. f4 e6 4. Nf3 Nc6 5. g3 d5 6. d3 dxe4 7. Nxe4 Nf6 8. Bd2
Be7 9. Bg2 O-O 10. O-O c4 11. Nxf6+ Bxf6 12. Bc3 cxd3 13. cxd3 Qb6+ 14. Kh1 Nd4
15. Ne5 Rd8 16. Nc4 Qc5 17. Ba5 Bd7 18. Bb6 Qe7 19. Nd2 Rdc8 20. a4 Qb4 21. a5
Rc2 22. Nc4 Rxg2 23. Kxg2 Bc6+ 24. Kg1 Qb5 25. Nd6 Qd5 26. Ne4 Nf5 27. Ra4 Bxa4
28. Qxa4 Qxd3 29. Rd1 Qf3 30. Bd8 Qe3+ 31. Kf1 Qf3+ 32. Kg1 Qe3+ 33. Kf1 Qf3+
34. Kg1 1/2-1/2

[Event "40th Guernsey Open 2014"]
[Site "Vale GCI"]
[Date "2014.10.20"]
[Round "2.30"]
[White "Twitchell, David J"]
[Black "Hermes, Geoff R"]
[Result "1/2-1/2"]
[WhiteElo "2009"]
[BlackElo "1931"]
[WhiteFideId "414255"]
[BlackFideId "423254"]
[EventDate "2014.10.19"]
[EventType "swiss"]

1. e4 d6 2. d4 Nf6 3. Nc3 c6 4. f4 Qa5 5. Bd3 e5 6. fxe5 dxe5 7. dxe5 Ng4 8. Nf3
Nxe5 9. Nxe5 Qxe5 10. O-O Bd6 11. Bf4 Qd4+ 12. Kh1 Bxf4 13. Rxf4 Be6 14. Qe2 Nd7
15. Rd1 Qe5 16. Rff1 O-O-O 17. Bc4 f6 18. Bxe6 Qxe6 19. Qe3 Kb8 20. Qg3+ Kc8 21.
Rd3 Nc5 22. Rxd8+ Rxd8 23. Qxg7 Nxe4 24. Nxe4 Qxe4 25. Qxf6 Rd2 26. Qh8+ Kc7 27.
Qg7+ Kb6 28. a4 Qe2 29. a5+ Ka6 30. Rg1 Rd1 31. h3 Rxg1+ 32. Kxg1 Qd1+ 33. Kh2
Qxc2 34. Qd4 c5 1/2-1/2

[Event "40th Guernsey Open 2014"]
[Site "Vale GCI"]
[Date "2014.10.20"]
[Round "2.31"]
[White "Goetzee, Rick"]
[Black "Sikkel, Dirk"]
[Result "1/2-1/2"]
[WhiteElo "1898"]
[BlackElo "2007"]
[WhiteFideId "2501813"]
[BlackFideId "1050079"]
[EventDate "2014.10.19"]
[EventType "swiss"]

1. d4 g6 2. c4 Bg7 3. e4 d6 4. Nc3 c6 5. Be3 Qa5 6. Qd2 c5 7. Nge2 cxd4 8. Bxd4
Bxd4 9. Nxd4 Nf6 10. Bd3 Bd7 11. Nd5 Qxd2+ 12. Kxd2 Nxd5 13. cxd5 e5 14. dxe6
fxe6 15. Nb5 Bxb5 16. Bxb5+ Nc6 17. Rac1 Kd7 18. Rc3 Rhf8 19. Rf1 a6 20. Ba4 g5
21. Rg3 h6 22. h4 Rg8 23. hxg5 Rxg5 24. Rxg5 hxg5 25. Rh1 b5 26. Rh7+ Ne7 27.
Bb3 Rg8 28. Ke3 Rg6 29. Rh8 Nc6 30. Rh7+ Ne7 31. a4 b4 32. Bc4 a5 33. Bb5+ Kd8
34. Kd3 g4 35. Ke3 d5 36. Rh8+ Kc7 37. Rh2 Kc8 38. Rh8+ Kc7 39. Rh7 Kd8 40. Rh8+ 1/2-1/2

[Event "40th Guernsey Open 2014"]
[Site "Vale GCI"]
[Date "2014.10.20"]
[Round "2.32"]
[White "Thurlow, Kevin J"]
[Black "Hawkins, James N H"]
[Result "1/2-1/2"]
[WhiteTitle "CM"]
[WhiteElo "2005"]
[BlackElo "1923"]
[WhiteFideId "406104"]
[BlackFideId "409928"]
[EventDate "2014.10.19"]
[EventType "swiss"]

1. c4 c5 2. Nc3 Nc6 3. Nf3 e5 4. d3 d6 5. g3 g6 6. Bg2 Bg7 7. O-O Nge7 8. a3 O-O
9. Rb1 a5 10. Bg5 f6 11. Bd2 Be6 12. e4 Nd4 13. Nxd4 cxd4 14. Nd5 Nxd5 15. cxd5
Bd7 16. f4 f5 17. Qb3 b5 18. Rbc1 Kh8 19. Rf2 Qb6 20. fxe5 Bxe5 21. exf5 Rxf5
22. Rxf5 gxf5 23. Qd1 Rf8 24. Qe1 a4 25. Bf3 Rc8 26. Rxc8+ Bxc8 27. Qc1 Qc5 28.
Qd1 Qc7 29. Bh6 Bb7 30. Qd2 Bf6 31. Bf4 Qc5 32. Qe2 Bxd5 33. Bxd5 Qxd5 34. Qe8+
Kg7 35. Qd7+ Kg6 36. Bxd6 Qf7 37. Qxb5 Qe6 38. Bf4 Qe1+ 39. Kg2 Qe2+ 40. Kg1 1/2-1/2

[Event "40th Guernsey Open 2014"]
[Site "Vale GCI"]
[Date "2014.10.20"]
[Round "2.34"]
[White "Kirby, Peter J."]
[Black "Fassaert, Desire"]
[Result "1/2-1/2"]
[WhiteTitle "CM"]
[WhiteElo "1985"]
[BlackElo "1908"]
[WhiteFideId "409014"]
[BlackFideId "1008331"]
[EventDate "2014.10.19"]
[EventType "swiss"]

1. c4 f5 2. g3 Nf6 3. Bg2 g6 4. Nc3 Bg7 5. d3 d6 6. e4 fxe4 7. dxe4 e5 8. Nge2
O-O 9. O-O Nc6 10. Bg5 h6 11. Be3 Be6 12. Nd5 Qd7 13. f3 Rad8 14. Qd2 Kh7 15.
Rad1 a6 16. Qc1 Qf7 17. a3 Rc8 18. b3 Ne7 19. Qd2 Rfd8 20. Nec3 Nc6 21. Rf2 Rf8
22. b4 Ne7 23. Qc1 Nc6 24. Rfd2 Rfd8 25. Qb2 Ng8 26. a4 Nd4 27. Rf2 c5 28. b5
Rb8 29. Rb1 axb5 30. axb5 Ra8 31. Ra1 Nf6 32. Rff1 Nxd5 33. exd5 Bf5 34. Ne4
Rxa1 35. Rxa1 Bxe4 36. fxe4 Rf8 37. Rf1 Qe7 38. Rxf8 Qxf8 39. Qf2 Kg8 40. Bh3
Qxf2+ 41. Kxf2 b6 1/2-1/2

[Event "40th Guernsey Open 2014"]
[Site "Vale GCI"]
[Date "2014.10.20"]
[Round "2.35"]
[White "Bolt, Graham"]
[Black "Murray, J Stephen"]
[Result "1-0"]
[WhiteElo "1981"]
[BlackElo "1847"]
[WhiteFideId "410438"]
[BlackFideId "2401495"]
[EventDate "2014.10.19"]
[EventType "swiss"]

1. g3 d5 2. Bg2 c6 3. d3 e5 4. Nf3 Nd7 5. O-O Ngf6 6. c4 dxc4 7. dxc4 Bc5 8. Nc3
O-O 9. Na4 Be7 10. Qc2 Qc7 11. Bg5 Re8 12. c5 h6 13. Bd2 Nf8 14. b4 Be6 15. Bc3
Ng6 16. e4 Rad8 17. Rfd1 Rxd1+ 18. Rxd1 Rd8 19. Rxd8+ Bxd8 20. a3 Be7 21. Nd2
Qd8 22. Nb2 Qc7 23. Nbc4 Nd7 24. h4 Ngf8 25. Qb2 f6 26. Ne3 Nxc5 27. bxc5 Bxc5
28. Ndf1 Bb6 29. Bf3 Qd7 30. Qd2 Qxd2 31. Bxd2 Kf7 32. Be2 Nd7 33. Bc4 Bxc4 34.
Nxc4 Ke6 35. Nfe3 g6 36. Nxb6 Nxb6 37. Kf1 h5 38. Ke2 Nd7 39. f3 b6 40. Nc2 f5
41. Nb4 Kd6 42. Be3 Nf6 43. Bg5 Nd7 44. Nd3 Nf8 45. Kd2 Ne6 46. Bf6 fxe4 47.
fxe4 c5 48. Bxe5+ Kc6 49. Nf4 1-0

[Event "40th Guernsey Open 2014"]
[Site "Vale GCI"]
[Date "2014.10.20"]
[Round "2.36"]
[White "Brookfield, Toby"]
[Black "Burton, Ronnie"]
[Result "1/2-1/2"]
[WhiteTitle "CM"]
[WhiteElo "1879"]
[BlackElo "1983"]
[WhiteFideId "10700234"]
[BlackFideId "408441"]
[EventDate "2014.10.19"]
[EventType "swiss"]

1. e4 c5 2. Nf3 e6 3. d4 cxd4 4. Nxd4 Nf6 5. Nc3 Nc6 6. Ndb5 Bb4 7. a3 Bxc3+ 8.
Nxc3 d5 9. exd5 exd5 10. Bg5 d4 11. Qe2+ Be6 12. O-O-O h6 13. Bxf6 Qxf6 14. Ne4
Qf4+ 15. Kb1 O-O 16. g3 Qc7 17. Qh5 Rfd8 18. Bd3 Ne5 19. h3 Rac8 20. Rc1 Nxd3
21. cxd3 Qb6 22. Nc5 Rd5 23. Nxe6 Rxc1+ 24. Rxc1 Rxh5 25. Rc8+ Kh7 26. Nf8+ Kg8
27. Ng6+ Kh7 28. Nf8+ Kg8 29. Nd7+ Kh7 30. Nxb6 axb6 31. Rd8 Rxh3 32. Rxd4 Rh2
33. Rf4 Kg6 34. Kc2 Rh5 35. d4 Rd5 36. Kd3 f5 37. Kc4 Rd6 38. d5 h5 39. Rh4 Kh6
40. Rf4 Kg5 41. a4 1/2-1/2

[Event "40th Guernsey Open 2014"]
[Site "Vale GCI"]
[Date "2014.10.20"]
[Round "2.37"]
[White "Dennis, Nigel W"]
[Black "Downey, Keith"]
[Result "1-0"]
[WhiteElo "1826"]
[BlackElo "1968"]
[WhiteFideId "408913"]
[BlackFideId "10700250"]
[EventDate "2014.10.19"]
[EventType "swiss"]

1. e4 c5 2. Nf3 d6 3. d4 cxd4 4. Nxd4 Nf6 5. Nc3 a6 6. Be2 e5 7. Nb3 Be7 8. O-O
Be6 9. f4 exf4 10. Bxf4 Nc6 11. Kh1 Ne5 12. Nd4 Bc4 13. b3 Bxe2 14. Qxe2 O-O 15.
Nf5 Re8 16. Rad1 Qc7 17. Nxe7+ Rxe7 18. Nd5 Nxd5 19. Rxd5 Rae8 20. Rfd1 Re6 21.
c4 f6 22. Qd2 Nf7 23. c5 Rxe4 24. cxd6 Qd7 25. h3 Re2 26. Qc3 Rc8 27. Rc5 Rxc5
28. Qxc5 g5 29. Qc7 Qf5 30. d7 1-0

[Event "40th Guernsey Open 2014"]
[Site "Vale GCI"]
[Date "2014.10.21"]
[Round "3.1"]
[White "Tjiam, Dharma"]
[Black "Hansen, Eric"]
[Result "0-1"]
[WhiteTitle "IM"]
[BlackTitle "GM"]
[WhiteElo "2386"]
[BlackElo "2574"]
[WhiteFideId "1001493"]
[BlackFideId "2606771"]
[EventDate "2014.10.19"]
[EventType "swiss"]

1. d4 Nf6 2. c4 g6 3. Nc3 d5 4. Nf3 Bg7 5. Qa4+ Bd7 6. Qb3 dxc4 7. Qxc4 O-O 8.
e4 Bg4 9. Be3 Nfd7 10. Rd1 Nb6 11. Qc5 e5 12. dxe5 N8d7 13. Qb5 c6 14. Qb4 Bxf3
15. gxf3 Qh4 16. f4 Bh6 17. Ne2 Nxe5 18. Bg2 Rad8 19. Rxd8 Rxd8 20. fxe5 Nd5 0-1

[Event "40th Guernsey Open 2014"]
[Site "Vale GCI"]
[Date "2014.10.21"]
[Round "3.2"]
[White "Hillarp Persson, Tiger"]
[Black "Hallerod, Ralph"]
[Result "1-0"]
[WhiteTitle "GM"]
[WhiteElo "2555"]
[BlackElo "2115"]
[WhiteFideId "1700812"]
[BlackFideId "1705644"]
[EventDate "2014.10.19"]
[EventType "swiss"]

1. d4 Nf6 2. c4 g6 3. Nc3 Bg7 4. e4 d6 5. Nge2 O-O 6. Ng3 e5 7. d5 Nbd7 8. h4 h6
9. h5 Kh7 10. Be2 Ng8 11. Be3 Ndf6 12. Qc2 Bg4 13. f3 Bd7 14. O-O-O g5 15. Kb1
Ne8 16. Nf1 f6 17. c5 Rf7 18. Bb5 dxc5 19. Bxc5 Bf8 20. Bxf8 Rxf8 21. Ne3 Nd6
22. Bxd7 Qxd7 23. Qd3 Ne7 24. g3 a5 25. f4 b5 26. Rdf1 b4 27. Ncd1 Kh8 28. Nf2
exf4 29. gxf4 gxf4 30. Ng2 Nf7 31. Nxf4 Ne5 32. Qe3 Ng8 33. N2d3 Rfe8 34. Nxe5
fxe5 35. Ng6+ Kh7 36. Qh3 Qg7 37. Qf5 Ra6 38. Nxe5+ Kh8 39. Nf7+ 1-0

[Event "40th Guernsey Open 2014"]
[Site "Vale GCI"]
[Date "2014.10.21"]
[Round "3.3"]
[White "Wustefeld, Carl"]
[Black "Hambleton, Aman"]
[Result "1-0"]
[BlackTitle "IM"]
[WhiteElo "2256"]
[BlackElo "2456"]
[WhiteFideId "1006347"]
[BlackFideId "2606577"]
[EventDate "2014.10.19"]
[EventType "swiss"]

1. d4 e6 2. c4 Nf6 3. Nc3 Bb4 4. Qc2 c5 5. Nf3 cxd4 6. Nxd4 b6 7. Bg5 Bb7 8. e3
Be7 9. Be2 Bxg2 10. Rg1 Bb7 11. O-O-O a6 12. e4 Qc7 13. Be3 g6 14. f4 d6 15. Kb1
Nbd7 16. Nb3 Rc8 17. Bd3 Qb8 18. Qe2 Qa8 19. Bd4 e5 20. fxe5 dxe5 21. Bf2 Nc5
22. Nxc5 Bxc5 23. Nd5 Bxd5 24. exd5 Nd7 25. Rgf1 Qb8 26. Bg3 Qd6 27. h4 O-O 28.
h5 f5 29. a3 a5 30. hxg6 hxg6 31. Rh1 Kg7 32. Bc2 f4 33. Bh4 Rh8 34. Qg4 Rcf8
35. Be7 Rxh1 36. Bxd6 Rxd1+ 37. Bxd1 Rf5 38. Bc2 Nf6 39. Bxe5 Kf7 40. Bxf6 Rxf6
41. Be4 Kg7 42. Kc2 Kf7 43. Kc3 1-0

[Event "40th Guernsey Open 2014"]
[Site "Vale GCI"]
[Date "2014.10.21"]
[Round "3.4"]
[White "Hewson, Brian Wr"]
[Black "De Haan, Eric"]
[Result "1-0"]
[BlackTitle "FM"]
[WhiteElo "2066"]
[BlackElo "2282"]
[WhiteFideId "437484"]
[BlackFideId "1005006"]
[EventDate "2014.10.19"]
[EventType "swiss"]

1. Nf3 c5 2. c4 Nc6 3. Nc3 e5 4. d3 g6 5. g3 Bg7 6. Bg2 Nge7 7. a3 O-O 8. Rb1 a5
9. Be3 d6 10. Qc1 Nd4 11. b3 f6 12. Bd2 Be6 13. O-O Qd7 14. Nxd4 cxd4 15. Na4
Ra6 16. e3 dxe3 17. Bxe3 Nf5 18. Nb6 Qf7 19. Nd5 Nxe3 20. Qxe3 f5 21. Rfe1 Kh8
22. f4 Raa8 23. Qb6 Ra6 24. Qe3 Re8 25. Qf2 h6 26. h4 Raa8 27. Nb6 Rad8 28. Nd5
b5 29. Qb6 bxc4 30. bxc4 a4 31. Nc7 Rf8 32. Bd5 Bxd5 33. Nxd5 Kh7 34. Kg2 Rfe8
35. Qc6 Rc8 36. Rb7 Rxc6 37. Rxf7 Rb8 38. fxe5 dxe5 39. Rxe5 Kh8 40. Ree7 Bd4
41. Kf3 Bc5 42. Rd7 Bxa3 43. Nf6 Rxf6 44. Rxf6 Ra8 45. Rff7 Bb2 46. Ra7 Re8 47.
Rxa4 Kg8 48. Raa7 Bd4 49. Rfe7 Rb8 50. Rab7 Ra8 51. Red7 Be5 52. c5 g5 53. hxg5
hxg5 54. g4 1-0

[Event "40th Guernsey Open 2014"]
[Site "Vale GCI"]
[Date "2014.10.21"]
[Round "3.5"]
[White "Havenaar, Jan"]
[Black "Mack, Wolfgang"]
[Result "0-1"]
[BlackTitle "FM"]
[WhiteElo "2050"]
[BlackElo "2219"]
[WhiteFideId "1005081"]
[BlackFideId "4685458"]
[EventDate "2014.10.19"]
[EventType "swiss"]

1. Nc3 Nf6 2. e4 e5 3. g3 d5 4. exd5 Nxd5 5. Bg2 Nxc3 6. bxc3 Bc5 7. Nf3 Nc6 8.
O-O O-O 9. Qe2 Re8 10. d3 Bf5 11. Ng5 Qd7 12. Be3 Bb6 13. Rab1 Bg4 14. Qd2 Rad8
15. Rb5 h6 16. Ne4 Re6 17. Nc5 Bxc5 18. Rxc5 e4 19. h3 Bf3 20. Bxf3 exf3 21. Rf5
Rg6 22. Rxf3 Ne5 23. Rf4 Qxh3 24. Qe2 Ng4 25. Rxg4 Qxg4 26. Qxg4 Rxg4 27. Rb1 b6
28. c4 Rg6 29. Rb5 Kf8 30. Kf1 Ke7 31. Ke2 Re6 32. Rf5 f6 33. Kf3 Kf7 34. g4
Rde8 35. Rd5 Re5 36. d4 Rxd5 37. cxd5 b5 38. Bf4 Re7 39. d6 cxd6 40. Bxd6 Re1
41. Bb4 Rc1 42. c3 Ke6 43. Ke4 Rd1 44. Bf8 g6 45. Bxh6 f5+ 46. gxf5+ gxf5+ 47.
Ke3 Ra1 0-1

[Event "40th Guernsey Open 2014"]
[Site "Vale GCI"]
[Date "2014.10.21"]
[Round "3.6"]
[White "Hess, Christian1"]
[Black "Prins, Jan"]
[Result "1/2-1/2"]
[WhiteTitle "FM"]
[WhiteElo "2185"]
[BlackElo "2049"]
[WhiteFideId "4605969"]
[BlackFideId "1017179"]
[EventDate "2014.10.19"]
[EventType "swiss"]

1. c4 e5 2. Nc3 d6 3. Nf3 Nf6 4. g3 c6 5. Bg2 Be6 6. b3 Be7 7. O-O h6 8. Ba3 g5
9. d4 e4 10. Ne1 d5 11. Bxe7 Qxe7 12. f3 exf3 13. Nxf3 dxc4 14. e4 cxb3 15. d5
Bg4 16. d6 Qe6 17. axb3 O-O 18. e5 Nfd7 19. Ne4 f5 20. Ned2 Nxe5 21. Nc4 Nxc4
22. bxc4 Qxc4 23. d7 Rd8 24. Qd6 Rxd7 25. Qxh6 Bxf3 26. Qxg5+ Rg7 27. Qd8+ Kh7
28. Bxf3 Rd7 29. Qe8 Qf7 30. Qe5 Re7 31. Qc3 Qg7 32. Qc4 Nd7 33. Qh4+ Kg8 34.
Bd1 Qh7 35. Bb3+ Kh8 1/2-1/2

[Event "40th Guernsey Open 2014"]
[Site "Vale GCI"]
[Date "2014.10.21"]
[Round "3.7"]
[White "Campbell, Ian"]
[Black "Norman, Kenneth I"]
[Result "1/2-1/2"]
[BlackTitle "CM"]
[WhiteElo "1980"]
[BlackElo "2153"]
[WhiteFideId "415219"]
[BlackFideId "402419"]
[EventDate "2014.10.19"]
[EventType "swiss"]

1. d4 Nf6 2. Nf3 g6 3. Nc3 d5 4. Bf4 Bg7 5. e3 O-O 6. Be2 c5 7. Ne5 cxd4 8. exd4
Nc6 9. O-O Qb6 10. Nxc6 Qxc6 11. Re1 a6 12. Bf3 Be6 13. Qd2 Rfc8 14. Rac1 Qd7
15. Be5 b5 16. Qe3 Rc4 17. Ne2 Bg4 18. c3 Qf5 19. Ng3 Qd7 20. Ne2 Bxf3 21. Qxf3
Ne4 22. Bxg7 Kxg7 23. Qe3 e6 24. a3 Rac8 25. f3 Nf6 26. Nf4 Qd6 1/2-1/2